Journal of Eastern Christian Studies.

محفوظ في:

التنسيق: دورية

اللغة: Undetermined

الموضوعات:

الوصول للمادة أونلاين: Login to view Source

الوسوم: إضافة وسم

لا توجد وسوم, كن أول من يضع وسما على هذه التسجيلة!

رقم الطلب:

LEADER 00622nms a2200181Ia 4500
005 20240402053826.0
008 240131s9999||||xx |||||||||||||||||und||
999 |c 56446  |d 56446 
022 |a 1783-1520 
022 |a 1873-1555 
245 0 0 |a Journal of Eastern Christian Studies. 
336 |2 rdacontent  |a text  |b txt 
337 |2 rdamedia  |a unmediated  |b n 
338 |2 rdacarrier  |a volume  |b n 
500 |a 2023 acquired journal, first volume published by Brill is volume 74, subscription year 2022, transferred from Peeters. 
650 4 |a Theology. 
856 |z JECS  |u https://brill.com/view/journals/jecs/jecs-overview.xml 
942 |2 lcc  |c EJL